| 000 | 00533nam a22001577a 4500 | ||
|---|---|---|---|
| 999 |
_c534868 _d534868 |
||
| 020 | _qHard Cover. | ||
| 082 | _a621.3678 | ||
| 100 | _aMurad, Saher | ||
| 245 |
_aGeoPortal Deployment for Natural Disaster Mitigation, Management & Rehabilitation Activites (NDMMRA) _cSaher Murad. |
||
| 260 |
_aIslamabad : _bIGIS - NUST, _c2013. |
||
| 300 |
_axvi, 153 p. : ill. ; _c30cm. |
||
| 942 |
_2ddc _cTHE |
||
| 650 |
_aMS Thesis GIS & RS _929262 |
||
| 700 |
_aDr. Hamid Mahmood. _929021 |
||